00774 2200229 4500001002100000005001500021035002000036008004100056020000900097041000800106082001200114084001800126100001700144245004300161250001100204260003100215300003600246520019200282650002200474990002400496990002400520INLIS00000000000281820221111124611 a0010-0520002818221111 | | ind  a1975 aind a364.159 a364.159 LUQ t0 aLuqman Hakim1 aTerorisme di Indonesia /cLuqman Hakim aEd. 1. aSurakarta :bAlinea,c2004 aIII, 109 hlm.; 20 cm. ;c20 cm. aKehadiran buku ini, setidaknya akan dapat memperkaya sekaligus melengkapi wacana tentang terorisme, melalui buku-buku yang sejauh ini sudah lebih dulu beredar di kalangan masyarakat luas. 4aTeroris-Indonesia a01210/MKRI-P/I-2005 a01210/MKRI-P/I-2005